Science Quiz

Random Science or Clickable Quiz
Score 0/24 Timer 05:00
8 Plays Today
% Correct
Speed of a Vehicle
84.4%
Gravity
82.6%
Temperature
81.4%
Viscosity
79.9%
Atmospheric Pressure
78.7%
Ground Motion
76.9%
Surface Tension
71.6%
Height
68.6%
Voltage
66.1%
Heat
58.4%
Distance (Vehicles)
57.9%
Absorbance of Wavelengths of Light
56%
% Correct
Electrical Resistance
52.3%
Moisture Content|Humidity
49.8%
Light Frequency
49.4%
Electric Charge
45%
Electrical Power of a Circuit
44.9%
Distance (Machines)
39.5%
Force, Torque, Power
39.3%
Wind Speed
39%
Electrical Current
37.8%
Length of Curved Lines
23.2%
Angle
21.2%
Specific Density
17%
Remove Ads.
Support Sporcle.
Get the best of Sporcle when you Go Orange. This ad-free experience offers more features, more stats, and more fun while also helping to support Sporcle. Thank you for becoming a member.

You're not logged in!

Compare scores with friends on all Sporcle quizzes.
OR
Log In

Show Comments

Extras

Top Quizzes Today


Score Distribution

Your Account Isn't Verified!

In order to create a playlist on Sporcle, you need to verify the email address you used during registration. Go to your Sporcle Settings to finish the process.

Report this User

Report this user for behavior that violates our Community Guidelines.

Details: